• 首页
  • 本馆介绍
  • 公告通知
  • 最新文献
  • 馆藏检索
  • 电子资源
  • 读者导购
  • 参考咨询
  • 我的图书馆
  • 登录
  • 详细信息显示
  • 放入我的书架
  • 预约/预借图书
  • 作者相关作品
  • 分类相关作品
  • 丛书相关作品
  • 出版社相关作品

书目信息

  • 表格格式
  • 工作单格式
  • 卡片格式
题名:
尊重人、理解人、关心人
    
 
作者: 王继辉 著
分册:  
出版信息: 成都   电子科技大学出版社  2014
页数: 21,296页
开本: 24cm
丛书名: 哲学研究论丛
单 册:
中图分类: B021
科图分类:
主题词: 个体--Ge Ti--研究 , 研究--Yan Jiu
电子资源:
ISBN: 978-7-5647-1966-1
000 00963nam0 22002771 450
001 349725
005 20161008154950.78
010    @a978-7-5647-1966-1@dCNY65.00
100    @a20140728d2014 em y0chiy50 ea
101 0  @achi
102    @aCN@b510000
105    @ay z 000yy
106    @ar
200 1  @a尊重人、理解人、关心人@AZun Chong Ren Li Jie Ren Guan Xin Ren@e人类个体问题研究@f王继辉著
210    @a成都@c电子科技大学出版社@d2014
215    @a21,296页@d24cm
225 2  @a哲学研究论丛@AZhe Xue Yan Jiu Lun Cong
330    @a本书阐述了个体问题研究的基本问题和本质、个体问题研究的意义和方法论原则、个体问题的基本理论、中西方传统个体思想、现代西方个体思想等内容。
461  0 @12001 @a哲学研究论丛
517 1  @a人类个体问题研究@ARen Lei Ge Ti Wen Ti Yan Jiu
606 0  @a个体@AGe Ti@x研究
606 0  @a研究@AYan Jiu
690    @aB021@v5
701  0 @a王继辉@AWang Ji Hui@4著
801  0 @aCN@bTANGWEI@20160730
905    @b0886450-4@dB021@e116@f5
    
    尊重人、理解人、关心人:人类个体问题研究/王继辉著.-成都:电子科技大学出版社,2014
    21,296页;24cm.-(哲学研究论丛)
    
    
    ISBN 978-7-5647-1966-1:CNY65.00
    本书阐述了个体问题研究的基本问题和本质、个体问题研究的意义和方法论原则、个体问题的基本理论、中西方传统个体思想、现代西方个体思想等内容。
●
相关链接 在E读中查询图书 在五车中查询图书 在当当中查询图书 在豆瓣中查询图书


正题名:尊重人、理解人、关心人     索取号:B021/116         预约/预借

序号 登录号 条形码 馆藏地/架位号 状态 备注
1 0886450   208864503   第一样本阅览室/ [索取号:B021/116] 在馆    
2 0886451   208864512   第一借阅区/ [索取号:B021/116] 在馆    
3 0886452   208864521   第一借阅区/ [索取号:B021/116] 在馆    
4 0886453   208864530   第一借阅区/ [索取号:B021/116] 在馆    
5 0886454   208864549   第一借阅区/ [索取号:B021/116] 在馆    
唐山师范学院图书馆 欢迎您!
大连网信软件有限公司© 版权所有